[Event "TUR-chT2"]
[Site "Konya"]
[Date "2017.07.15"]
[Round "9.23"]
[White "Kantar, Mehmet Zahit"]
[Black "Tokmak, Sadik Can"]
[Result "0-1"]
[WhiteElo "1192"]
[BlackElo "1234"]
[PlyCount "58"]
[EventDate "2017.07.09"]
[EventType "team-swiss"]
[EventRounds "9"]
[EventCountry "TUR"]
[SourceTitle "CBM 179 Extra"]
[Source "ChessBase"]
[SourceDate "2017.08.23"]
[SourceVersion "1"]
[SourceVersionDate "2017.08.23"]
[SourceQuality "1"]
[WhiteTeam "Karaman Idman Yurdu"]
[BlackTeam "Genclik Deha"]
[WhiteTeamCountry "TUR"]
[BlackTeamCountry "TUR"]

1. e4 e5 2. Nf3 Nc6 3. Bc4 Bc5 4. d3 h6 5. c3 Nf6 6. 0-0 d6 7. h3 0-0 8. Nbd2 Ne7 9. Re1 Ng6 10. Nf1 Re8 11. Ng3 Bb6 12. Be3 Be6 13. Bxe6 Rxe6 14. Qd2 d5 15. Bxb6 axb6 16. a3 dxe4 17. dxe4 Rd6 18. Qc2 Qd7 19. Rad1 Rd8 20. Rxd6 Qxd6 21. h4 Nf4 22. Qb1 Ng4 23. b4 Qd3 24. Qxd3 Nxd3 25. Rd1 Ngxf2 26. Rd2 Ra8 27. Nxe5 Nxe5 28. Kxf2 Rxa3 29. Rc2 Nd3+ 0-1

[Event "TUR-chT2"]
[Site "Konya"]
[Date "2017.07.11"]
[Round "4.16"]
[White "Tokmak, Sadik Can"]
[Black "Turan, Fatih"]
[Result "1-0"]
[WhiteElo "1234"]
[BlackElo "1183"]
[PlyCount "87"]
[EventDate "2017.07.09"]
[EventType "team-swiss"]
[EventRounds "9"]
[EventCountry "TUR"]
[SourceTitle "CBM 179 Extra"]
[Source "ChessBase"]
[SourceDate "2017.08.23"]
[SourceVersion "1"]
[SourceVersionDate "2017.08.23"]
[SourceQuality "1"]
[WhiteTeam "Genclik Deha"]
[BlackTeam "Ataturk Univ"]
[WhiteTeamCountry "TUR"]
[BlackTeamCountry "TUR"]

1. e4 c5 2. Nf3 d6 3. Bb5+ Bd7 4. a4 Nf6 5. Nc3 a6 6. Bxd7+ Nbxd7 7. d4 cxd4 8. Nxd4 g6 9. 0-0 Bg7 10. a5 0-0 11. Nb3 Rc8 12. f3 Ne5 13. Nd2 Qc7 14. Qe2 Rfd8 15. f4 Neg4 16. Kh1 Nh6 17. Ra4 Qd7 18. Nc4 Qe8 19. Nb6 Rc6 20. Ra3 Kh8 21. b4 Nd7 22. Nca4 Ng8 23. Be3 Ngf6 24. Qd3 Nxb6 25. Nxb6 Nd7 26. c4 Nxb6 27. Bxb6 Rdc8 28. c5 Qd7 29. Rd1 Qg4 30. Qf3 Qe6 31. Qd3 Bh6 32. g3 Qg4 33. Rf1 Bg7 34. Kg2 g5 35. fxg5 Qxg5 36. Rxf7 Bf6 37. Ra2 Qh5 38. Qd5 Qg6 39. Rf2 h5 40. Rf5 Be5 41. Rxe7 h4 42. Re6 Qh7 43. g4 h3+ 44. Kh1 1-0